| 000 | 00554nab a2200145Ia 4500 | ||
|---|---|---|---|
| 003 | ES-SlBCS | ||
| 005 | 20210601133744.0 | ||
| 008 | 140529s1995 xxu||||| |||| 00| 0 por d | ||
| 041 | _apor | ||
| 100 | 1 |
_aMaimoni, Eulalia H. _9209300 |
|
| 245 | 0 | 0 |
_aRelato verbal e julgamento da Professora sobre o Rendimento do aluno: Relaçao com os Comportamentos Observados en Sala de Aula _c Eulalia H. Maimoni |
| 650 | 0 | 4 |
_aRendimiento Académico-Comportamiento _9209301 |
| 773 | 0 |
_tEducaçao e Filosofia _gvol. 9, nº. 17, 1995, págs. 53-77 _wRev1534 |
|
| 942 | _cAR | ||
| 999 |
_c601614 _d601614 |
||